000 00510nam a2200181Ia 4500
001 16283
005 20260306170258.0
008 260306t1998||||xx |||||||||||||| ||und||
041 _aESP
082 _a347.51L
_bF65
100 _aFlores Polo, Pedro Antonio [1940-...
_eAUT
245 0 _aNuevo derecho societario peruano:
_bnueva ley general de sociedades, principales modificatorias
260 _c1998
300 _a307 páginas :
_c24 cm.
650 _aGEN
654 _aCDE
942 _cLIB
_dJUS
_fJUS
_2ddc
_n
999 _c16283
_d16283